<?xml version="1.0" encoding="UTF-8"?>
<record
    xmlns:xsi="http://www.w3.org/2001/XMLSchema-instance"
    xsi:schemaLocation="http://www.loc.gov/MARC21/slim http://www.loc.gov/standards/marcxml/schema/MARC21slim.xsd"
    xmlns="http://www.loc.gov/MARC21/slim">

  <leader>00310nam a22001217a 4500</leader>
  <controlfield tag="005">20230823142534.0</controlfield>
  <controlfield tag="008">230823b        |||||||| |||| 00| 0 eng d</controlfield>
  <datafield tag="022" ind1=" " ind2=" ">
    <subfield code="a">9770972535008</subfield>
  </datafield>
  <datafield tag="245" ind1=" " ind2=" ">
    <subfield code="a">CASE FOLIO: The IUP Journal of management case studies</subfield>
  </datafield>
  <datafield tag="260" ind1=" " ind2=" ">
    <subfield code="a">HYDERABAD</subfield>
    <subfield code="b">IUP </subfield>
  </datafield>
  <datafield tag="300" ind1=" " ind2=" ">
    <subfield code="a">73;p </subfield>
  </datafield>
  <datafield tag="942" ind1=" " ind2=" ">
    <subfield code="c">JRL</subfield>
  </datafield>
  <datafield tag="999" ind1=" " ind2=" ">
    <subfield code="c">8412</subfield>
    <subfield code="d">8410</subfield>
  </datafield>
  <datafield tag="952" ind1=" " ind2=" ">
    <subfield code="0">0</subfield>
    <subfield code="1">0</subfield>
    <subfield code="4">0</subfield>
    <subfield code="7">0</subfield>
    <subfield code="a">JRU</subfield>
    <subfield code="b">JRU</subfield>
    <subfield code="c">JRL</subfield>
    <subfield code="d">2023-08-23</subfield>
    <subfield code="e">PURCHASE</subfield>
    <subfield code="h">VOL-23, NO-2, [JUNE-2023]</subfield>
    <subfield code="l">0</subfield>
    <subfield code="p">CF0006</subfield>
    <subfield code="r">2023-08-23 00:00:00</subfield>
    <subfield code="w">2023-08-23</subfield>
    <subfield code="y">JRL</subfield>
  </datafield>
  <datafield tag="952" ind1=" " ind2=" ">
    <subfield code="0">0</subfield>
    <subfield code="1">0</subfield>
    <subfield code="4">0</subfield>
    <subfield code="7">0</subfield>
    <subfield code="a">JRU</subfield>
    <subfield code="b">JRU</subfield>
    <subfield code="c">JRL</subfield>
    <subfield code="d">2023-08-23</subfield>
    <subfield code="e">PURCHASE</subfield>
    <subfield code="h">VOL-XIX, NO-1, [ 2019-MAR]</subfield>
    <subfield code="l">0</subfield>
    <subfield code="p">CF0001</subfield>
    <subfield code="r">2023-08-23 00:00:00</subfield>
    <subfield code="w">2023-08-23</subfield>
    <subfield code="y">JRL</subfield>
  </datafield>
  <datafield tag="952" ind1=" " ind2=" ">
    <subfield code="0">0</subfield>
    <subfield code="1">0</subfield>
    <subfield code="4">0</subfield>
    <subfield code="7">0</subfield>
    <subfield code="a">JRU</subfield>
    <subfield code="b">JRU</subfield>
    <subfield code="c">JRL</subfield>
    <subfield code="d">2023-08-23</subfield>
    <subfield code="e">PURCHASE</subfield>
    <subfield code="h">VOL-XIX-2, NO-2[JUN-2019]</subfield>
    <subfield code="l">0</subfield>
    <subfield code="p">CF0002</subfield>
    <subfield code="r">2023-08-23 00:00:00</subfield>
    <subfield code="w">2023-08-23</subfield>
    <subfield code="y">JRL</subfield>
  </datafield>
  <datafield tag="952" ind1=" " ind2=" ">
    <subfield code="0">0</subfield>
    <subfield code="1">0</subfield>
    <subfield code="4">0</subfield>
    <subfield code="7">0</subfield>
    <subfield code="a">JRU</subfield>
    <subfield code="b">JRU</subfield>
    <subfield code="c">JRL</subfield>
    <subfield code="d">2023-08-23</subfield>
    <subfield code="e">PURCHASE</subfield>
    <subfield code="h">VOL-XIX, NO-3,[SEP-2019]</subfield>
    <subfield code="l">0</subfield>
    <subfield code="p">CF0003</subfield>
    <subfield code="r">2023-08-23 00:00:00</subfield>
    <subfield code="w">2023-08-23</subfield>
    <subfield code="y">JRL</subfield>
  </datafield>
  <datafield tag="952" ind1=" " ind2=" ">
    <subfield code="0">0</subfield>
    <subfield code="1">0</subfield>
    <subfield code="4">0</subfield>
    <subfield code="7">0</subfield>
    <subfield code="a">JRU</subfield>
    <subfield code="b">JRU</subfield>
    <subfield code="c">JRL</subfield>
    <subfield code="d">2023-08-23</subfield>
    <subfield code="e">PURCHASE</subfield>
    <subfield code="h">VOL-XIX, NO-4[DEC-2019]</subfield>
    <subfield code="l">0</subfield>
    <subfield code="p">CF0004</subfield>
    <subfield code="r">2023-08-23 00:00:00</subfield>
    <subfield code="w">2023-08-23</subfield>
    <subfield code="y">JRL</subfield>
  </datafield>
  <datafield tag="952" ind1=" " ind2=" ">
    <subfield code="0">0</subfield>
    <subfield code="1">0</subfield>
    <subfield code="4">0</subfield>
    <subfield code="7">0</subfield>
    <subfield code="a">JRU</subfield>
    <subfield code="b">JRU</subfield>
    <subfield code="c">JRL</subfield>
    <subfield code="d">2023-08-23</subfield>
    <subfield code="e">PURCHASE</subfield>
    <subfield code="h">VOL-XIX, NO-1[MAR-2023]</subfield>
    <subfield code="l">0</subfield>
    <subfield code="p">CF0005</subfield>
    <subfield code="r">2023-08-23 00:00:00</subfield>
    <subfield code="w">2023-08-23</subfield>
    <subfield code="y">JRL</subfield>
  </datafield>
  <datafield tag="952" ind1=" " ind2=" ">
    <subfield code="0">0</subfield>
    <subfield code="1">0</subfield>
    <subfield code="4">0</subfield>
    <subfield code="7">0</subfield>
    <subfield code="a">JRU</subfield>
    <subfield code="b">JRU</subfield>
    <subfield code="c">JRL</subfield>
    <subfield code="d">2023-11-08</subfield>
    <subfield code="e">PURCHASE</subfield>
    <subfield code="h">VOL-23, NO-3, [SEP-2023]</subfield>
    <subfield code="l">0</subfield>
    <subfield code="p">CF0007</subfield>
    <subfield code="r">2023-11-08 14:51:44</subfield>
    <subfield code="w">2023-11-08</subfield>
    <subfield code="y">JRL</subfield>
  </datafield>
  <datafield tag="952" ind1=" " ind2=" ">
    <subfield code="0">0</subfield>
    <subfield code="1">0</subfield>
    <subfield code="4">0</subfield>
    <subfield code="7">0</subfield>
    <subfield code="a">JRU</subfield>
    <subfield code="b">JRU</subfield>
    <subfield code="c">JRL</subfield>
    <subfield code="d">2024-01-17</subfield>
    <subfield code="e">PURCHASE</subfield>
    <subfield code="h">VOI-23, ISSUE-4 [DEC-2023]</subfield>
    <subfield code="l">0</subfield>
    <subfield code="p">CF0008</subfield>
    <subfield code="r">2024-01-18 11:19:04</subfield>
    <subfield code="w">2024-01-17</subfield>
    <subfield code="y">JRL</subfield>
  </datafield>
  <datafield tag="952" ind1=" " ind2=" ">
    <subfield code="0">0</subfield>
    <subfield code="1">0</subfield>
    <subfield code="4">0</subfield>
    <subfield code="7">0</subfield>
    <subfield code="8">IUP JOURNALS</subfield>
    <subfield code="a">JRU</subfield>
    <subfield code="b">JRU</subfield>
    <subfield code="c">JRL</subfield>
    <subfield code="d">2025-08-28</subfield>
    <subfield code="e">SUBSCRIPTION</subfield>
    <subfield code="h">VOL-25, NO-02 [JUNE-2025]</subfield>
    <subfield code="l">0</subfield>
    <subfield code="p">CF0009</subfield>
    <subfield code="r">2025-08-28 14:37:38</subfield>
    <subfield code="w">2025-08-28</subfield>
    <subfield code="y">JRL</subfield>
  </datafield>
  <datafield tag="952" ind1=" " ind2=" ">
    <subfield code="0">0</subfield>
    <subfield code="1">0</subfield>
    <subfield code="4">0</subfield>
    <subfield code="7">0</subfield>
    <subfield code="a">JRU</subfield>
    <subfield code="b">JRU</subfield>
    <subfield code="c">JRL</subfield>
    <subfield code="d">2025-11-18</subfield>
    <subfield code="e">PURCHASE</subfield>
    <subfield code="h">VOL-25, NO-03 [JULY-SEP-2025]</subfield>
    <subfield code="l">0</subfield>
    <subfield code="p">CF0010</subfield>
    <subfield code="r">2025-11-18 12:54:47</subfield>
    <subfield code="w">2025-11-18</subfield>
    <subfield code="y">JRL</subfield>
  </datafield>
  <datafield tag="952" ind1=" " ind2=" ">
    <subfield code="0">0</subfield>
    <subfield code="1">0</subfield>
    <subfield code="4">0</subfield>
    <subfield code="7">0</subfield>
    <subfield code="a">JRU</subfield>
    <subfield code="b">JRU</subfield>
    <subfield code="c">JRL</subfield>
    <subfield code="d">2026-01-07</subfield>
    <subfield code="e">PURCHASE</subfield>
    <subfield code="h">VOI-25, ISSUE-4 [OCT-DEC-2025]</subfield>
    <subfield code="l">0</subfield>
    <subfield code="p">CF0011</subfield>
    <subfield code="r">2026-01-07 04:42:56</subfield>
    <subfield code="w">2026-01-07</subfield>
    <subfield code="y">JRL</subfield>
  </datafield>
</record>
